00550nam a2200169 a 450000500170000000800410001702000180005805000270007610000180010324501030012125000130022426000400023730000290027752100080030665000310031465000350034520140310183551.0111013s19uu xx 00 eng d a9780470596838 aLC 4704.5 b.G525 2011 aGilzer, Janet aSocially addept :bteaching social skills to children with ADHD, LD and Asperger's /cJanet Giler. arev. ed. aSan Francisco :bJossey-Bass,c2011 a208 p. :bill. ;c28 cm. aEDU aLearning disabled children aBehavior disorders in children